[Event "Bremen-ch"]
[Site "Bremen"]
[Date "2019.04.16"]
[Round "5.9"]
[White "Behrens, Soeren"]
[Black "Bokelmann, Joachim"]
[Result "1/2-1/2"]
[WhiteElo "1650"]
[BlackElo "1918"]
[PlyCount "37"]
[EventDate "2019.04.13"]
[EventType "swiss"]
[EventRounds "9"]
[EventCountry "GER"]
[SourceTitle "EXT 2020"]
[Source "ChessBase"]
[SourceDate "2019.10.17"]
[SourceVersion "1"]
[SourceVersionDate "2019.10.17"]
[SourceQuality "1"]

1. e4 d5 2. exd5 Qxd5 3. Nc3 Qd6 4. d4 Nf6 5. Nf3 c6 6. Ne5 Nbd7 7. Nc4 Qc7 8. Qf3 Nb6 9. Ne5 Be6 10. Bf4 Qc8 11. 0-0-0 Nbd5 12. Bc4 Nxf4 13. Qxf4 Bxc4 14. Nxc4 e6 15. Qf3 Be7 16. Ne5 0-0 17. h4 Qc7 18. g4 Bd6 19. Qe2 1/2-1/2

[Event "Bremen-ch op"]
[Site "Bremen"]
[Date "2018.03.27"]
[Round "5"]
[White "Zimmermann, Erik"]
[Black "Behrens, Soeren"]
[Result "1/2-1/2"]
[WhiteElo "1690"]
[BlackElo "1793"]
[PlyCount "76"]
[EventDate "2018.03.24"]
[EventType "swiss"]
[EventRounds "9"]
[EventCountry "GER"]
[SourceTitle "EXT 2019"]
[Source "ChessBase"]
[SourceDate "2018.10.10"]
[SourceVersion "1"]
[SourceVersionDate "2018.10.10"]
[SourceQuality "1"]

1. e4 e5 2. Nf3 Nc6 3. Nc3 Nf6 4. d3 d5 5. exd5 Nxd5 6. Nxd5 Qxd5 7. Be2 Bc5 8. Be3 f6 9. Bxc5 Qxc5 10. Nd2 Nd4 11. c3 Nxe2 12. Qxe2 0-0 13. 0-0 Bd7 14. Qe3 Qxe3 15. fxe3 Bb5 16. c4 Bc6 17. d4 exd4 18. exd4 Rad8 19. d5 Be8 20. Nf3 c6 21. dxc6 Bxc6 22. Rad1 Bxf3 23. Rxd8 Rxd8 24. Rxf3 Rd1+ 25. Rf1 Rd4 26. b3 Kf7 27. h3 Ke6 28. Re1+ Kd7 29. Kf2 Rd2+ 30. Re2 Rxe2+ 31. Kxe2 Kd6 32. Kd3 Kc5 33. a3 a5 34. Kc3 f5 35. b4+ axb4+ 36. axb4+ Kd6 37. Kd4 g5 38. c5+ Kc6 1/2-1/2